000 01590cam0 2200373 ib4500
001 BY-MI0000-br2147972491
005 20251128112941.0
010 ^a978-5-04-170881-8
^bв переплете
100 ^a20251119d2025 c y0rusy50 ca
101 0 ^arus
102 ^aRU
105 ^aa z 000ny
109 ^ama
200 1 ^aАлеша Попович и Тугарин змей
^e[для младшего школьного возраста
^fИ. Позина]
210 ^aМосква
^c#эксмодетство
^cЭксмо
^d2025
215 ^a58, [4] с.
^cил.
^d21 см
225 1 ^aСерия "Три богатыря. Книги по фильмам"
304 ^aАвтор указан в конце книги
333 ^a6+
345 ^95000 экз. (дополнительный тираж)
600 0 ^aАлеша Попович
^cперсонаж
^3BY-NLB-ar87397
^2BY-auth
608 ^aБЫЛИНА (лит.)
^3BY-NLB-ar4726
^2BYGNR
606 ^aРУССКАЯ ЛИТЕРАТУРА
^3BY-NLB-ar28702
^2DVNLB
608 ^aДЕТСКАЯ И ЮНОШЕСКАЯ ЛИТЕРАТУРА (художеств. произведение)
^3BY-NLB-ar9019
^2BYGNR
606 ^aХУДОЖЕСТВЕННАЯ ЛИТЕРАТУРА
^3BY-NLB-ar37179
^2DVNLB
686 ^a84(2Рос)6-4
^2rubbk
690 ^a1
^2Base
^9BY-MI0000
^xRSEK
700 1 ^aПозина
^bИ.
801 0 ^aBY
^bBY-MI0000
^c20251119
^gRCR
035 ^a(BY-MI0000)BY-MI0000-br2147972491
899 0 ^aBY-MI0000
^iП47
^h84(2Рос)6